Cerámica inglesa en México (Record no. 638)

MARC details
000 -CABECERA
campo de control de longitud fija 01286nam a2200325 a 4500
001 - NÚMERO DE CONTROL
campo de control BRCA_739
005 - FECHA Y HORA DE LA ÚLTIMA TRANSACCIÓN
campo de control 20190320203128.0
008 - DATOS DE LONGITUD FIJA--INFORMACIÓN GENERAL
campo de control de longitud fija 961204s1996 mx-a---##b---#000-0#spa-u
020 ## - NÚMERO INTERNACIONAL ESTÁNDAR DEL LIBRO
Número Internacional Estándar del Libro 968653346X
040 ## - FUENTE DE LA CATALOGACIÓN
Centro catalogador/agencia de origen DLC
Centro/agencia transcriptor DLC
041 ## - CÓDIGO DE LENGUA
Código de lengua del texto/banda sonora o título independiente spaeng
050 #4 - SIGNATURA TOPOGRÁFICA DE LA BIBLIOTECA DEL CONGRESO
Número de clasificación NK844
Número de documento/Ítem .U86 4
-- 1996
245 10 - MENCIÓN DE TÍTULO
Título Cerámica inglesa en México
Mención de responsabilidad, etc. Olivia Barclay Jones, Ana Paulina Gámez Martínez, Olivia Castro Morales.
260 ## - PUBLICACIÓN, DISTRIBUCIÓN, ETC.
Lugar de publicación, distribución, etc. México
Nombre del editor, distribuidor, etc. Museo Franz Mayer : The British Council : Artes de México
Fecha de publicación, distribución, etc. 1996
300 ## - DESCRIPCIÓN FÍSICA
Extensión 71 p.
Otras características físicas il. a color
Dimensiones 23 cm.
440 #0 - MENCIÓN DE SERIE/PUNTO DE ACCESO ADICIONAL--TÍTULO
Título Colección Uso y estilo
Designación de volumen o secuencia 4
9 (RLIN) 2435
500 ## - NOTA GENERAL
Nota general Catálogo de la exposicón realizada en el Museo Franz Mayer (Ciudad de México), 29 agosto - 10 noviembre, 1996
500 ## - NOTA GENERAL
Nota general El ejemplar 1 incluye invitación
500 ## - NOTA GENERAL
Nota general 2 ejemplares en Biblioteca
504 ## - NOTA DE BIBLIOGRAFÍA, ETC.
Nota de bibliografía, etc. Bibliografía : p. 71
546 ## - NOTA DE LENGUA/LENGUAJE
Nota de lengua/lenguaje Texto en : español e inglés
650 14 - PUNTO DE ACCESO ADICIONAL DE MATERIA--TÉRMINO DE MATERIA
Término de materia o nombre geográfico como elemento de entrada Mercancías de transferencia azul y blanco
Subdivisión de forma Exposiciones
9 (RLIN) 2436
650 14 - PUNTO DE ACCESO ADICIONAL DE MATERIA--TÉRMINO DE MATERIA
Término de materia o nombre geográfico como elemento de entrada Cerámica inglesa
Subdivisión de forma Exposiciones
9 (RLIN) 2437
650 14 - PUNTO DE ACCESO ADICIONAL DE MATERIA--TÉRMINO DE MATERIA
Término de materia o nombre geográfico como elemento de entrada Cerámica mexicana
Subdivisión de forma Exposiciones
9 (RLIN) 1705
700 1# - PUNTO DE ACCESO ADICIONAL--NOMBRE DE PERSONA
Nombre de persona Barclay Jones, Olivia
9 (RLIN) 2438
700 1# - PUNTO DE ACCESO ADICIONAL--NOMBRE DE PERSONA
Nombre de persona Castro Morales, Olivia
9 (RLIN) 2439
700 1# - PUNTO DE ACCESO ADICIONAL--NOMBRE DE PERSONA
Nombre de persona Gámez Martínez, Ana Paulina
9 (RLIN) 2440
710 2# - PUNTO DE ACCESO ADICIONAL--NOMBRE DE ENTIDAD CORPORATIVA
Nombre de entidad corporativa o nombre de jurisdicción como elemento de entrada Museo Franz Mayer (Ciudad de México)
9 (RLIN) 2266
942 ## - ELEMENTOS DE PUNTO DE ACCESO ADICIONAL (KOHA)
Fuente del sistema de clasificación o colocación Library of Congress Classification
Tipo de ítem Koha Libros
Holdings
Estado de retiro Estado de pérdida Estado dañado No para préstamo Localización permanente Ubicación/localización actual Fecha de adquisición Total de préstamos Signatura topográfica completa Código de barras Fecha visto por última vez Precio válido a partir de Tipo de ítem Koha Código de colección
El ejemplar forma parte de la colección y puede ser consultado según las políticas vigentes.       Biblioteca del Museo Franz Mayer (Rogerio Casas-Alatriste) Biblioteca del Museo Franz Mayer (Rogerio Casas-Alatriste) 26/06/2008   NK844 .U86 4 1996 01132 22/03/2019 22/03/2019 Libros  
El ejemplar forma parte de la colección y puede ser consultado según las políticas vigentes.       Biblioteca del Museo Franz Mayer (Rogerio Casas-Alatriste) Biblioteca del Museo Franz Mayer (Rogerio Casas-Alatriste) 16/02/2015   NK844 .U86 4 1996 02858 22/03/2019 22/03/2019 Libros Acervo General